| 000 | 01101cad a22002295a 4500 | ||
|---|---|---|---|
| 001 | E147403 | ||
| 008 | 090508s2009 xxkad f s 000 0 eng d | ||
| 035 | _a(Sirsi) u147403 | ||
| 041 | 0 | _aeng | |
| 050 | 0 | 4 | _a333.33 $2 18 |
| 110 | 2 |
_aAtisreal _95337 |
|
| 245 | 0 | 0 |
_aEurope quarterly _binvestment market Q1 2009 _h[electronic resource] |
| 260 |
_a[S.l.] _bAtisreal _c2008 |
||
| 490 | 0 |
_aAtisreal Europe Quarterly Investment Market _vQuarter One 2009 |
|
| 520 | _aReports that European investment markets continued to slow down in Q1 2009, with the volume of investment standing at EURO 3.5bn in Q1 2009, compared with EURO 15.6bn a year ago. Amongst the 20 cities studied for the report, none saw an increase in investment volume when compared to Q1 2008, with falls ranging from -8% to -100%. | ||
| 590 | _aKA | ||
| 650 | 2 | 4 | _aATISREAL EUROPE QUARTERLY INVESTMENT MARKET |
| 651 | 4 | _aEurope | |
| 690 | _aPROPERTY-COMMERCIAL PROPERTY-COMMERCIAL PROPERTY MARKET | ||
| 856 | 4 | 0 |
_uhttps://www.atisreal.com/ _zView this report free of charge under market research at www.atisreal.com... |
| 942 | _n0 | ||
| 999 |
_c109539 _d109539 |
||